Random State Postal Abbreviations on a Map (prepare to fail) - Statistics

General Stats
  • This quiz has been taken 1,071 times
  • The average score is 7 of 20
Answers on the Map
Answers color-coded by a green-red scale on the quiz's map according to % correct below.
 
Answer Stats
State % Correct
California
79%
Oregon
67%
Texas
67%
Washington
66%
Idaho
63%
Nevada
63%
Utah
56%
New Mexico
54%
Montana
50%
Wyoming
50%
Arizona
48%
Colorado
46%
Alaska
45%
Minnesota
44%
Florida
43%
New York
43%
South Dakota
39%
Oklahoma
38%
Nebraska
35%
Alabama
33%
North Dakota
33%
Kansas
31%
Michigan
30%
Wisconsin
28%
Virginia
27%
Georgia
26%
Missouri
26%
Illinois
25%
Louisiana
25%
Ohio
25%
Maine
24%
Arkansas
23%
Tennessee
23%
Iowa
22%
New Hampshire
20%
Pennsylvania
20%
Massachusetts
19%
West Virginia
18%
Indiana
17%
Maryland
16%
South Carolina
16%
Hawaii
15%
Kentucky
14%
New Jersey
13%
Mississippi
12%
North Carolina
12%
Connecticut
11%
Vermont
11%
Delaware
4%
Rhode Island
4%
No matching quizzes found
Score Distribution
Percent of People with Each Score
Percentile by Number Answered
Your Score History
You have not taken this quiz